LEADER 01003nam a2200265 u 4500 001 000000053105 003 CaOOAMICUS 005 20070226115525.0 008 001107s1945 it u000 u ita u 035 $a10860483 040 $aPUL(R)$bita 100 1 $aSiri, Giuseppe,$ccard.,$d1906-1989.$0(OLS)http://pul/name/2870 245 10$aCorso di teologia dogmatica per laici /$cGiuseppe Siri. 260 $aRoma :$bStudium,$c1945. 300 $a2 v. ;$c22 cm 500 $aInclude indici. 505 1 $a1. La rivelazione. 650 4$aRivelazione.$0(OLS)http://pul/subject/3064 650 4$aTeologia dogmatica.$0(OLS)http://pul/subject/663 850 $aPUL 852 $aPUL$W1$xDP1 Fondo Venturi$y52$m1551 B 30$j70098$nBK-PRI$b $qFondi$B70098$CPULBib$Z2$F70098 $H $81 941 1 $a1 961 $aINV: Fondo Venturi 996 $6245$aCorso di teologia dogmatica per laici$9(OLS)http://pul/title/25046 996 $6260$aRoma :$bStudium$9(OLS)http://pul/publisher/47892 LEADER 01414nam a2200313 a 4500 001 000000144914 003 CaOOAMICUS 005 20150716131930.0 008 150715s2002 sp u000 u spa r 020 $a84-88643-82-9 040 $aPUL$bita 082 04$a230.092 100 1 $aAvenatti de Palumbo, Cecilia I.$0(OLS)http://pul/name/92494 245 13$aLa literatura en la estética de Hans Urs von Balthasar :$bfigura, drama y verdad /$cCecilia Inés Avenatti de Palumbo. 260 $aSalamanca :$bSecretariado Trinitario,$c2002. 300 $aXXIV, 368 p. ;$c22 cm 490 1 $aKoinonia ;$v37 500 $aContiene indici. 504 $aBibliografia: p. [349]-361. 600 14$aBalthasar, Hans Urs von,$ccard.,$d1905-1988$xEstetica.$0(OLS)http://pul/subject/41964 830 0$aKoinonia (Secretariado Trinitario Salamanca) ;$v37.$0(OLS)http://pul/title/167771 850 $aPUL 852 $aPUL$W1$xSL Religione 3$y85$m230. 092 AVECE 1$j167402$qDDC 21$B167980$CPULBib$Z2$F167980 $H126171 $82 941 1 $a9 996 $6020$a84-88643-82-9$9(OLS)http://pul/number/158293 996 $6082$a230.092$9(OLS)http://pul/classification/553 996 $6245$aLa literatura en la estética de Hans Urs von Balthasar :$bfigura, drama y verdad$9(OLS)http://pul/title/183291 996 $6260$aSalamanca :$bSecretariado Trinitario$9(OLS)http://pul/publisher/49231